Peripetie vstupu Slovenska do NATO

Z histórie založenia NATO. Každá krajina sa snaží zabezpečiť si vlastnú bezpečnosť. Zmena situácie vo svete po rozpade bipolárneho sveta. Neschopnosť Slovenska zabezpečiť svoju bezpečnosť z vlastných zdrojov. Rozhodnutie slovenskej vlády pre vstup Slovenska do NATO. Čo môžeme očakávať od vstupu do N...

Descripción completa

Guardado en:
Detalles Bibliográficos
Autor principal: Briška, František
Formato: Capítulo de libro
Lenguaje:eslovaco
Materias:
Etiquetas: Agregar Etiqueta
Sin Etiquetas, Sea el primero en etiquetar este registro!

MARC

LEADER 00000naa$a2200000$$$4500
001 0034584
005 20221207105450.3
041 0 |a slo 
044 |a SK 
245 1 0 |a Peripetie vstupu Slovenska do NATO  |c František Briška 
520 |a Z histórie založenia NATO. Každá krajina sa snaží zabezpečiť si vlastnú bezpečnosť. Zmena situácie vo svete po rozpade bipolárneho sveta. Neschopnosť Slovenska zabezpečiť svoju bezpečnosť z vlastných zdrojov. Rozhodnutie slovenskej vlády pre vstup Slovenska do NATO. Čo môžeme očakávať od vstupu do NATO. 
610 2 0 |a bezpečnosť 
610 2 0 |a vzťahy politické medzinárodné 
610 2 0 |a história 
610 2 0 |a obrana štátu 
610 2 0 |a Slovensko 
610 2 0 |a zdroje finančné vlastné 
610 2 0 |a stredná Európa 
610 2 0 |a NATO 
100 1 |a Briška, František